01378nam a2200349 a 4500001001000000003000500010005001700015008004100032010001100073011001100084040000900095090001000104100003900114245011700153260004100270500006000311502009100371590004100462590004100503590004000544590004000584590004000624650003000664650003500694650005600729856007000785901000700855942001000862942000600872999001900878952013100897000114926CHAP20220329144504.0180810s2018 mx |sm |||||||spa d a111387 a112359 cCHAP aTesis1 aVázquez Alfaro, Marisol.912029813aLa industria cervecera en México en un entorno de globalizaciónh[En línea]cpor Marisol Vázquez Alfaro. aChapingo, Méx. :bEl autor,c2018. aPara ver el contenido del material haga clic en la liga aTesis (Ph.D. en Problemas Económico Agroindustriales) -- UACH. Departamento CIESTAAM aE11695DGDb10c20190528lUCH01h1039 aE11695DGDb10c20190528lUCH01h1039 aE5765TAJb05c20180810lUCH01h0956 aE5765TAJb05c20180810lUCH01h0958 aE5765TAJb05c20180810lUCH01h110514aCervezaxMercadeo.92164314aCervezaxProducción.913532314aIndustria cerveceraxAspectos económicos.9135322 aFinding aiduhttp://10.13.5.2/tesis/sist114926.pdfzTeclea aquí aBK cTESIS n0 c111387d111387 00104054718TESISaBCbBCd2018-08-10fTESISl0oTesisp114937-10r2019-12-31 00:00:00w2019-12-31yTESISzRecien adquirido